La práctica parlamentaria en el reinado de Isabel II / (Record no. 97495)

MARC details
000 -LEADER
campo de control de longitud fija 01166nam a2200289 i 4500
001 - NÚMERO DE CONTROL
campo de control 97495
003 - IDENTIFICADOR DE NÚMERO DE CONTROL
campo de control ES-MaACL
005 - FECHA Y HORA DE LA ÚLTIMA TRANSACCIÓN
campo de control 20250720061137.0
007 - CAMPO FIJO DE DESCRIPCIÓN FÍSICA--INFORMACIÓN GENERAL
campo de control de longitud fija t|
008 - DATOS DE LONGITUD FIJA--INFORMACIÓN GENERAL
campo de control de longitud fija 050713s1986 sp ||||1| spa d
020 ## - NÚMERO INTERNACIONAL ESTÁNDAR DEL LIBRO
Número Internacional Estándar del Libro 84-505-3550-6
080 ## - NÚMERO DE LA CLASIFICACIÓN DECIMAL UNIVERSAL
Número de la Clasificación Decimal Universal 321.72(460)"1843/68"
100 1# - ENTRADA PRINCIPAL--NOMBRE DE PERSONA
Nombre de persona Marcuello Benedicto, Juan Ignacio.
9 (RLIN) 76552
245 13 - MENCIÓN DEL TÍTULO
Título La práctica parlamentaria en el reinado de Isabel II /
Mención de responsabilidad, etc. Juan Ignacio Marcuello Benedicto; prólogo de Miguel Artola Gallego.
260 ## - PUBLICACIÓN, DISTRIBUCIÓN, ETC.
Lugar de publicación, distribución, etc. Madrid :
Nombre del editor, distribuidor, etc. Publicaciones del Congreso de los Diputados,
Fecha de publicación, distribución, etc. 1986.
300 ## - DESCRIPCIÓN FÍSICA
Extensión X, 384 p. ;
Dimensiones 20 cm.
490 1# - MENCIÓN DE SERIE
Mención de serie Publicaciones del Congreso de los Diputados. Serie IV, Monografías; 5
500 ## - NOTA GENERAL
Nota general Bibliografía: p. 377-379.
650 14 - PUNTO DE ACCESO ADICIONAL DE MATERIA--TÉRMINO DE MATERIA
Término de materia o nombre geográfico como elemento de entrada Parlamentos-
Subdivisión geográfica España-
Subdivisión cronológica S.XIX.
9 (RLIN) 15841
651 #4 - PUNTO DE ACCESO ADICIONAL DE MATERIA--NOMBRE GEOGRÁFICO
Nombre geográfico España-
Subdivisión general Historia-
Subdivisión geográfica 1843-1868, Isabel II
9 (RLIN) 8256
700 1# - ENTRADA AGREGADA--NOMBRE PERSONAL
Nombre de persona Artola, Miguel,
Fechas asociadas al nombre 1923-2020
9 (RLIN) 23497
710 1# - ENTRADA AGREGADA--NOMBRE DE ENTIDAD CORPORATIVA
Nombre de entidad corporativa o nombre de jurisdicción como elemento de entrada España.
Unidad subordinada Cortes Generales.
-- Congreso.
9 (RLIN) 3671
830 0# - PUNTO DE ACCESO ADICIONAL DE SERIE-TÍTULO UNIFORME
Título uniforme Publicaciones del Congreso de los Diputados. Serie IV, Monografías; 5
9 (RLIN) 232287
852 ## - LOCALIZACIÓN
Ubicación ES-MaACL
Número de control de estantería L-11266
Sublocalización o colección R.113015
852 ## - LOCALIZACIÓN
Ubicación ES-MaACL
Número de control de estantería L-12454
Sublocalización o colección R.111998
Holdings
Estatus retirado Estado de pérdida Estado de daño No para préstamo Biblioteca de origen Biblioteca actual Ubicación en estantería Fecha de adquisición Fuente de adquisición Total de préstamos Signatura topográfica completa Código de barras Visto por última vez Precio de reemplazo Tipo de ítem Koha
        Biblioteca del Ateneo de Madrid Biblioteca del Ateneo de Madrid Depósito 2 17/01/2008     L-12454 1101779 23/02/2023 23/02/2023 Libro impreso
        Biblioteca del Ateneo de Madrid Biblioteca del Ateneo de Madrid Depósito 2 17/01/2008     L-11266 1101778 23/02/2023 23/02/2023 Libro impreso